000 00724 a2200193 4500
999 _c4265
_d4265
010 _aENG-86227
020 _a9788120331095
_c525.00
035 _aEN-69760
037 _bDBAD / PUB
082 1 4 _a658.477
100 _aWallace, Michael
245 1 _aThe disaster recovery handbook :
_cby Michael Wallace and Lawrence Webber
_ba step-by-step plan to ensure business continuity and protect vital operations, facilities and assets /
260 _aNew Delhi
_bPrentice-Hall of India
_c2007
270 _aM-97, Connaught Circus
_bNew Delhi
_cNew Delhi
_e110 001
300 _axvii, 398p.
_c24cm. (Hb)
_eCD-ROM
500 _aIncludes index
700 _aWebber, Lawrence
942 _adpl
_cEN
_2ddc
_h658.477
_mWAL